Vedecko-technická revolúcia a jej spoločenské dôsledky

Gespeichert in:
Bibliographische Detailangaben
1. Verfasser: Šíma, Rudolf
Format: Buch
Sprache:Slowakisch
Veröffentlicht: Bratislava Vysoká škola ekonomická 1978
Tags: Tag hinzufügen
Keine Tags, Fügen Sie das erste Tag hinzu!

MARC

LEADER 00000nam a2200000 4500
001 c120038
005 20250703092749.1
041 0 |a slo 
044 |a SK 
245 1 0 |a Vedecko-technická revolúcia a jej spoločenské dôsledky  |c Rudolf Šíma 
264 1 |a Bratislava  |b Vysoká škola ekonomická  |c 1978 
300 |a 52 s. 
100 1 |a Šíma, Rudolf